000 00466nam a2200181Ia 4500
001 9305
005 20260306161708.0
008 260306t2005||||xx |||||||||||||| ||spa||
041 _aESP
082 _a378.1
_bC265
100 _aConsorcio de Universidades
_eAUT
245 0 _aGestión de la calidad para instituciones de educación superior
260 _c2005
300 _a168 páginas :
_c24 cm.
650 _aGEN
654 _aCED
942 _cLIB
_dJUS
_fJUS
_2ddc
_n
999 _c9305
_d9305